<?xml version="1.0" encoding="UTF-8"?>
<record
    xmlns:xsi="http://www.w3.org/2001/XMLSchema-instance"
    xsi:schemaLocation="http://www.loc.gov/MARC21/slim http://www.loc.gov/standards/marcxml/schema/MARC21slim.xsd"
    xmlns="http://www.loc.gov/MARC21/slim">

  <leader>00510nam a2200157Ia 4500</leader>
  <controlfield tag="003">IQ-KOUCL</controlfield>
  <datafield tag="041" ind1=" " ind2=" ">
    <subfield code="a">Kurdish</subfield>
  </datafield>
  <datafield tag="082" ind1=" " ind2=" ">
    <subfield code="a">342,023 cut-84 &#x639;</subfield>
  </datafield>
  <datafield tag="100" ind1=" " ind2=" ">
    <subfield code="a">20260118u\\\\\\\\\\\y0engy0103\\\\ba</subfield>
  </datafield>
  <datafield tag="100" ind1=" " ind2=" ">
    <subfield code="a">&#x634;&#x648;&#x631;&#x634; &#x62D;&#x633;&#x646; &#x639;&#x645;&#x631;</subfield>
  </datafield>
  <datafield tag="245" ind1=" " ind2="0">
    <subfield code="a">&#x62D;&#x642;&#x648;&#x642; &#x627;&#x644;&#x634;&#x639;&#x628; &#x627;&#x644;&#x643;&#x631;&#x62F;&#x64A; &#x641;&#x64A; &#x627;&#x644;&#x62F;&#x633;&#x627;&#x62A;&#x64A;&#x631; &#x627;&#x644;&#x639;&#x631;&#x627;&#x642;&#x64A;&#x629; &#x62F;&#x631;&#x627;&#x633;&#x629; &#x62A;&#x62D;&#x644;&#x64A;&#x644;&#x64A;&#x629; &#x645;&#x642;&#x627;&#x631;&#x646;&#x629;</subfield>
  </datafield>
  <datafield tag="250" ind1=" " ind2=" ">
    <subfield code="a">&#x686;1</subfield>
  </datafield>
  <datafield tag="260" ind1=" " ind2=" ">
    <subfield code="b">&#x645;&#x631;&#x643;&#x632; &#x643;&#x648;&#x631;&#x62F;&#x633;&#x62A;&#x627;&#x646; &#x644;&#x644;&#x62F;&#x631;&#x627;&#x633;&#x627;&#x62A;</subfield>
    <subfield code="a">&#x633;&#x644;&#x6CC;&#x645;&#x627;&#x646;&#x649; - &#x627;&#x644;&#x639;&#x631;&#x627;&#x642;</subfield>
    <subfield code="c">2005</subfield>
  </datafield>
  <datafield tag="300" ind1=" " ind2=" ">
    <subfield code="a">438</subfield>
  </datafield>
  <datafield tag="942" ind1=" " ind2=" ">
    <subfield code="c">Bk</subfield>
  </datafield>
  <datafield tag="999" ind1=" " ind2=" ">
    <subfield code="c">186422</subfield>
    <subfield code="d">186422</subfield>
  </datafield>
  <datafield tag="952" ind1=" " ind2=" ">
    <subfield code="0">0</subfield>
    <subfield code="1">0</subfield>
    <subfield code="4">0</subfield>
    <subfield code="7">0</subfield>
    <subfield code="8">340 - 349</subfield>
    <subfield code="a">KOYUCL</subfield>
    <subfield code="b">KOYUCL</subfield>
    <subfield code="c">BK</subfield>
    <subfield code="d">2026-01-18</subfield>
    <subfield code="l">0</subfield>
    <subfield code="o">342,023 cut-84 &#x639;</subfield>
    <subfield code="p">0000069987</subfield>
    <subfield code="r">2026-01-18</subfield>
    <subfield code="t">1</subfield>
    <subfield code="w">2026-01-18</subfield>
    <subfield code="y">Bk</subfield>
  </datafield>
</record>
